000 00731nam a2200205 a 4500
001 000007352
005 20200929154136.0
008 090908s1988 dr a 000 0 spa d
040 _aDO-SdBNP
_bspa
_cBNPHU
082 _a616.2
_bH557m
100 1 _aHernández Medina, Vinicio
_920449
245 1 0 _aManejo de las infecciones respiratorias agudas /
_cVinicio Hernández Medina.
260 _aSanto Domingo :
_bTele-3,
_c1988.
300 _a74 p. :
_bil ;
_c20 cm.
500 _aIncluye referencias bibliográficas y notas a pie de las páginas.
590 _aInventariado, 2018/LP
650 4 _aInfecciones del tracto respiratorio
_920450
650 4 _aEnfermedades respiratorias
_920451
910 _aValidado. Control de calidad MFF
999 _c7133
_d7133